| Поле | Инд. | ПП | Название | Значение |
|---|---|---|---|---|
| Тип записи | a | |||
| Библиографический уровень | m | |||
| 001 | _ | Контрольный номер | BIBLIOCLUB\0000114383 | |
| 005 | _ | Дата корректировки | 20250915104223.7 | |
| 008 | Кодируемые данные | 210927j2010 RU y |||| 000 0 rus u | ||
| 020 | a | ISBN | 978-5-7777-0476-4 | |
| 040 | a | Служба первич. каталог. | Директ-Медиа | |
| c | Служба, преобразующая запись | Директ-Медиа | ||
| 041 | a | Код языка текста | rus | |
| 044 | a | Код страны публикации | RU | |
| 080 | a | Индекс УДК | 504.38 | |
| 080 | a | Индекс УДК | 339.97.62 | |
| 080 | a | Индекс УДК | 2010 | |
| 084 | 2 | Источник индекса | rubbk | |
| a | Индекс другой классификации/Индекс ББК | 65.5 | ||
| 084 | 2 | Источник индекса | rubbk | |
| a | Индекс другой классификации/Индекс ББК | 26.237 | ||
| 245 | a | Заглавие | Доклад о мировом развитии 2010. Развитие и изменение климата | |
| b | Продолж. заглавия | монография | ||
| c | Ответственность | ред. А. В. Бондаренко; ред. В. Т. Рысин; ред. О. Н. Зимарин; пер. Н. В. Заборин; пер. Л. Н. Клюкин; пер. А. Д. Зверев; пер. О. Н. Когтева; пер. с англ. С. П. Евтушенко | ||
| 260 | a | Место издания | Москва | |
| b | Издательство | Весь Мир | ||
| c | Дата издания | 2010 | ||
| 300 | a | Объем | 438 с. | |
| 520 | a | Аннотация | Глобальное изменение климата и пути предотвращения его необратимых последствий - тема нового Доклада о мировом развитии, который подготовлен группой международных экспертов под эгидой Всемирного банка и выходит в свет одновременно в нескольких странах. В докладе указывается, что отмечаемое многими учеными неконтролируемое изменение климата Земли способно повернуть вспять человеческое развитие и поставить под угрозу благосостояние нынешнего и будущих поколений. Чтобы этого не произошло, необходимы немедленные решительные действия мирового сообщества.Предлагается программа мер, направленных на то, чтобы удержать потепление в пределах не более 2°С. Она включает отказ от углеродоемких технологий без ущерба для экономического роста, реформирование энергетики, сельского, лесного и водного хозяйства и производства продуктов питания, повышение эффективности управления природными рисками и усиление мер социальной защиты.В приложении в докладу приводятся таблицы статистических показателей социально-экономического развития стран мира. | |
| 538 | a | Прим. о системных особенностях | Режим доступа: электронная библиотечная система «Университетская библиотека ONLINE», требуется авторизация | |
| 700 | 1_ | a | Другие авторы | Заборин Н. В. |
| 4 | Код отношения | 730 | ||
| 700 | 1_ | a | Другие авторы | Клюкин Л. Н. |
| 4 | Код отношения | 730 | ||
| 700 | 1_ | a | Другие авторы | Зверев А. Д. |
| 4 | Код отношения | 730 | ||
| 700 | 1_ | a | Другие авторы | Евтушенко С. П. |
| 4 | Код отношения | 730 | ||
| 700 | 1_ | a | Другие авторы | Когтева О. Н. |
| 4 | Код отношения | 730 | ||
| 700 | 1_ | a | Другие авторы | Бондаренко А. В. |
| 4 | Код отношения | 340 | ||
| 700 | 1_ | a | Другие авторы | Рысин В. Т. |
| 4 | Код отношения | 340 | ||
| 700 | 1_ | a | Другие авторы | Зимарин О. Н. |
| 4 | Код отношения | 340 | ||
| 856 | 4_ | u | URL | https://biblioclub.ru/index.php?page=book&id=114383 |
| a | Имя сервера/домена | Режим доступа: электронная библиотечная система «Университетская библиотека ONLINE», требуется авторизация | ||
| z | Примечание для пользователя | Участвует в КО |